Information modeling and relational databases: from conceptual analysis to logical design
Uloženo v:
| Hlavní autor: | |
|---|---|
| Médium: | Kniha |
| Jazyk: | angličtina |
| Vydáno: |
San Francisco
Morgan Kaufmann
2001
|
| Edice: | The Morgan Kaufmann Series in Data Management Systems
|
| Témata: | |
| Tagy: |
Přidat tag
Žádné tagy, Buďte první, kdo vytvoří štítek k tomuto záznamu!
|
MARC
| LEADER | 00000nam a2200000 a 4500 | ||
|---|---|---|---|
| 001 | UCL0035 | ||
| 003 | CL-VaPUC | ||
| 008 | 030612e20010000US |||||||||||||||||eng|d | ||
| 082 | 0 | 4 | |a 005.756 |b HAL |2 21 |
| 100 | 0 | |a Halpin, Terry A |e author |9 476714 | |
| 245 | 1 | 0 | |a Information modeling and relational databases: from conceptual analysis to logical design |
| 300 | |a 763 p | ||
| 942 | |c BK | ||
| 945 | |d 20030612 00:00:00 |a vberengu | ||
| 260 | |a San Francisco |b Morgan Kaufmann |c 2001 | ||
| 650 | 0 | |a Bases de datos |9 260577 | |
| 650 | 7 | |a BASES DE DATOS RELACIONALES |2 CL-VaPUC |9 262466 | |
| 650 | 0 | |a Diseño de bases de datos |9 384787 | |
| 583 | |a last modification |c 20030612 00:00:00 |k Rodrigo Vera | ||
| 490 | 0 | |a The Morgan Kaufmann Series in Data Management Systems | |
| 999 | |c 304068 |d 304066 | ||
| 952 | |0 0 |1 0 |4 0 |6 005_756000000000000_HAL_2001 |7 0 |8 A |9 365824 |a BIBING |b BIBING |d 2019-11-21 |i 391156K |o 005.756 HAL 2001 |p 391156K |r 2025-01-20 |w 2019-11-21 |y BK |k EII | ||